00552nam a22001457a 4500020002200000082001500022100002600037245006400063260002900127300001300156650010600169942000700275999001900282952010500301 a978-969-23088-0-9 a954.91 SAD aSadiq, Hasan M930770 aThe end of the great game: was pakistan the real us target? aPakistanbHMS Bookc2016 axI,373 P aA comprehensive narrative of the US war in Afghanistan and its relationship to Middle East oil969523 cBK c576764d576764 001040708NFICaCEMEbCEMEcGENd2019-08-01l0o954.91 SADpCEME-49545r2021-06-28w2021-06-28yBK